Le sport en D - Statistiques

Statistiques générales
  • Ce quiz a été pris 522 fois
  • Le résultat moyen est 7 sur 15
Statistiques - réponses
Indice Réponse % Correct
Ville où se situe le stade de l'équipe de soccer allemande surnommée BVB Dortmund
89%
Nuggets, Broncos, Avalanche(Ville) Denver
84%
100m, saut en longueur, lancer du poids, saut en hauteur, 400m, 110m haies, lancer du disque, saut à la perche, lancer du javelot, 1500m Décathlon
82%
Au tennis, nom donné au coup effectué du côté de la main qui tient la raquette Droit
82%
Un objet lancé par les concurrents dans une épreuve aux Jeux Olympiques Disque
79%
Dans plusieurs sports d'équipe, il s'agit d'une personne qui aide le gardien dans son rôle Défenseur
78%
Ville où sera située 6 des 12 stades qui recevront des matchs de la Coupe du Monde de soccer masculine en 2022 Doha
66%
Autre nom donné aux différents sports dans le programme des Jeux Olympiques Discipline
60%
Dans plusieurs compétitions, seuls quatres personnes/équipes y ont accès Demi-finale
38%
Seul pays commençant par D à ne jamais avoir remporté de médaille aux Jeux Olympiques Dominique
25%
Au basketball, faute commise par un joueur qui dribble le ballon avec les deux mains simultanément Double dribble
20%
Quatrième épreuve de patinage artistique aux Jeux Olympiques, avec les compétitions individuelles et en couple. Danse sur glace
14%
Dans plusieurs ligues, il s'agit d'une statistique qui vient départager des équipes qui ont autant de victoire Différentiel
4%
Nom de famille d'un ancien joueur des Red Wings de Détroit entre 2001 et 2016 et nommé parmi les 100 meilleurs joueurs de l'histoire de la LNH en 2017 Datsyuk
3%
Au baseball, adjectif qualifiant le frappeur qui remplace le lanceur au bâton dans la ligue Américaine de la MLB Désigné
1%
Aucun quiz correspondant
Distribution des résultats
% des personnes avec chaque résultat
Percentile par nombre de réponses
Votre historique - résultats
Vous n’avez pas pris ce quiz